[Event "Coupe de la Parite"]
[Site "Saint Quentin"]
[Date "2019.06.29"]
[Round "1.4"]
[White "Berezovska, Svetlana"]
[Black "Piollat, Thibault"]
[Result "1-0"]
[WhiteElo "1810"]
[BlackElo "1301"]
[PlyCount "133"]
[EventDate "2019.06.??"]
[EventType "team-match"]
[EventRounds "5"]
[EventCountry "FRA"]
[SourceTitle "EXT 2020"]
[Source "ChessBase"]
[SourceDate "2019.10.17"]
[SourceVersion "1"]
[SourceVersionDate "2019.10.17"]
[SourceQuality "1"]

1. e4 e5 2. Nf3 Nc6 3. Bc4 Bc5 4. d3 h6 5. 0-0 Nf6 6. c3 0-0 7. Bb3 d5 8. exd5 Nxd5 9. h3 Re8 10. Nbd2 Nf4 11. Ne4 b6 12. Nxc5 bxc5 13. Bxf4 exf4 14. Qd2 Qd6 15. Rfe1 Bf5 16. Rad1 Rxe1+ 17. Nxe1 Re8 18. Nf3 Na5 19. Bc2 g5 20. Re1 Rd8 21. d4 Bxc2 22. Qxc2 cxd4 23. Nxd4 Qd5 24. Nf5 Qd3 25. Nxh6+ Kg7 26. Nf5+ Kf8 27. Qxd3 Rxd3 28. Re2 f6 29. Nd4 Kf7 30. Nb5 Nc4 31. Nxc7 Ne5 32. Nb5 a6 33. Nd4 g4 34. h4 g3 35. Kf1 Rd1+ 36. Re1 Rxe1+ 37. Kxe1 Nd3+ 38. Ke2 gxf2 39. b3 Kg6 40. c4 Kh5 41. Nf3 Kg4 42. Kf1 Kg3 43. h5 Ne5 44. Nd2 Ng4 45. Ne4+ Kh4 46. Nxf2 Nxf2 47. Kxf2 Kxh5 48. c5 Kg5 49. c6 Kf5 50. c7 Ke5 51. c8Q Kd5 52. Qf5+ Kc6 53. Qxf6+ Kb5 54. Qxf4 a5 55. Ke3 Kc5 56. Qc4+ Kd6 57. Qb5 Ke6 58. Qc5 Kf6 59. Qd5 Kg6 60. Qe5 Kf7 61. Qd6 Kg7 62. Qe6 Kf8 63. Qd7 Kg8 64. Kf4 Kf8 65. Kf5 Kg8 66. Kg6 Kf8 67. Qf7# 1-0